Crónica de un encuentro: III reunión ministerial americana de infancia y políticas sociales

Guardat en:
Dades bibliogràfiques
Autor corporatiu: UNICEF (Autor), Secretaría Pro-Témpore de Chile (Autor)
Format: Llibre
Idioma:espanyol
Publicat: Santiago UNICEF 1996
Matèries:
Etiquetes: Afegir etiqueta
Sense etiquetes, Sigues el primer a etiquetar aquest registre!

MARC

LEADER 00000nam a2200000 a 4500
001 UCL7481
003 CL-VaPUC
005 20201028001138.0
008 040520e19960000cl 1 spa d
020 |a 9280633112 
082 0 4 |a 361.61  |b UNI  |2 21 
110 2 |a UNICEF  |e author  |9 620587 
710 2 |a Secretaría Pro-Témpore de Chile  |e author  |9 620588 
245 1 0 |a Crónica de un encuentro: III reunión ministerial americana de infancia y políticas sociales 
260 |a Santiago  |b UNICEF  |c 1996 
300 |a 55 p 
583 |a last modification  |c 20040520 00:00:00  |k Rodrigo Vera 
650 0 7 |a POLITICAS SOCIALES - NIÑOS  |2 CL-VaPUC  |9 462695 
650 0 0 |a Derechos del niño  |9 258728 
942 |c BK 
945 |a cmena  |d 20040520 00:00:00 
546 |a En Español 
536 |a UNICEF 
518 |p Reunión Ministerial Americana de Infancia y Políticas Sociales, 3, Santiago de Chile, 8 y 10 de agosto de 1996 
999 |c 384040  |d 384038 
952 |0 0  |1 0  |4 0  |6 361_610000000000000_UNI_1996  |7 0  |8 A  |9 506448  |a BIBEDU  |b BIBEDU  |d 2020-01-23  |i 4011627  |o 361.61 UNI 1996  |p 4011627  |r 2020-01-23  |w 2020-01-23  |y BK  |k EBA